000 00218nam a22000857a 4500
008 131031b xxu||||| |||| 00| 0 eng d
020 _cAvailable
082 _22nd Ed
245 _aLinear Algebra and its applications
_cLay David C
999 _c23450
_d23450